Datum a čas kvízu
34.5
Celkem bodů
Celkový počet nahraných bodů na tomto kvízu bez doplňovacích otázek.
7.
Pořadí na kvízu
Konečné umístění týmu na tomto kvízu.
Zaznamenané odpovědi
| # | Otázka | Odpověď | Body | Výsledky |
|---|---|---|---|---|
| 1. | Jiří Kadeřávek, jeden ze zakla... | Piráti | 1 | |
| 2. | Minulý týden rozsáhlý výpadek... | CrowdStrike | 0 | |
| 3. | Minulý týden byla představena... | Apple | 0 | |
| 4. | Česká vláda ve středu rozhodla... | KHNP | 1 | |
| 5. | Bývalý pilot F1 učinil minulý... | Ralf Schumacher | 1 | |
| 6. | Na hudební téma Přátelství z m... | v 18. století | 0 | |
| 7. | Jak zní název československého... | Přátelé Zeleného údolí | 1 | |
| 8. | Zprovoznění sociální sítě Face... | B | 1 | |
| 9. | Kterým slovem na F označují če... | frazém | 0 | |
| 10. | V románu Bylo nás pět vzpomíná... | Ota (Otakárek) | 1 |